| 000 | 01102nam a22003737a 4500 | ||
|---|---|---|---|
| 001 | BR2015004448 | ||
| 003 | BR-BrBNA | ||
| 005 | 20230928104713.0 | ||
| 007 | ta | ||
| 008 | 230509b bl.||||| |||| 00| 0 por d | ||
| 040 |
_aBR-BrBNA _bpor _cBiblioteca Nacional de Agricultura |
||
| 041 | _a(Por) | ||
| 072 | _aE14; E16; E21 | ||
| 090 | _ E14 BR2015004448 | ||
| 110 | 1 | _aEmpresa Brasileira de Pesquisa Agropecuária, Brasília, DF (Brasil) | |
| 110 | 1 |
_aCentro de Gestão e Estudos Estratégicos, Brasilia, DF (Brasil) _91515 |
|
| 245 | 1 | _aSustentabilidade e sustentação da produção de alimentos no Brasil | |
| 260 | 3 |
_aBrasília, DF (Brasil): _c2014. |
|
| 300 | _av. 1-4 | ||
| 650 | _aDESENVOLVIMENTO SUSTENTÁVEL | ||
| 650 | _aPOLÍTICA | ||
| 650 | _aLEGISLAÇÃO | ||
| 650 | _aCONSUMO | ||
| 650 | _aTRANSPORTE | ||
| 650 | _aARMAZENAMENTO | ||
| 650 | _aAGROINDÚSTRIA | ||
| 650 | _aCUSTO DE PRODUÇÃO | ||
| 650 | _aPREÇO | ||
| 650 | _aPRODUTIVIDADE | ||
| 650 | _aALIMENTO | ||
| 650 | _aSEGURANÇA ALIMENTAR | ||
| 909 |
_a202309 _bLucia _c55 _dLucia Elande |
||
| 942 | _cBK | ||
| 999 |
_c81294 _d81294 |
||